书目信息 |
| 题名: |
中华灯彩
|
|
| 作者: | 李苍彦 著 | |
| 分册: | ||
| 出版信息: | 北京 北京工艺美术出版社 2013.01 |
|
| 页数: | 295页 | |
| 开本: | 24cm | |
| 丛书名: | ||
| 单 册: | ||
| 中图分类: | J528.7 | |
| 科图分类: | ||
| 主题词: | 灯彩 , 灯彩--民间工艺--中国 , 民间工艺 | |
| 电子资源: | ||
| ISBN: | 978-7-5140-0281-2 | |
| 000 | 00945nam0 2200301 450 | |
| 001 | 0100140507 | |
| 005 | 20141020221238.0 | |
| 010 | @a978-7-5140-0281-2@dCNY48.00 | |
| 100 | @a20130131d2013 em y0chiy50 ea | |
| 101 | 0 | @achi |
| 101 | 11 | @achi |
| 102 | @aCN@b110000 | |
| 105 | @aa z 000yy | |
| 106 | @ar | |
| 200 | 1 | @a中华灯彩@Azhong hua den cai@9zhong hua deng cai@b专著@f李苍彦著@Fli cang yan zhu |
| 210 | @a北京@c北京工艺美术出版社@d2013.01 | |
| 215 | @a295页@c图@d24cm | |
| 300 | @a国家级非物质文化遗产保护项目 | |
| 330 | @a本书是一本综合地论述中国灯彩的专著,分为八个专题,从灯彩的起源、发展、形式和灯彩中蕴含的文化,以及制作技巧,制作灯彩的能工巧匠和南北各地灯彩的展示。 | |
| 540 | @a中华灯彩 | |
| 606 | 0 | @a灯彩 |
| 606 | 0 | @a灯彩@x民间工艺@y中国 |
| 606 | 0 | @a民间工艺 |
| 690 | @aJ528.7@v5 | |
| 701 | 0 | @a李苍彦@Ali cang yan@4著 |
| 801 | @aCN | |
| 901 | @a001 | |
| 905 | @b1103299-301@dJ528.7@eL138@f3@a241430 | |
| 中华灯彩/李苍彦著.-北京:北京工艺美术出版社,2013.01 |
| 295页:图;24cm |
| 国家级非物质文化遗产保护项目 |
| ISBN 978-7-5140-0281-2:CNY48.00 |
| 本书是一本综合地论述中国灯彩的专著,分为八个专题,从灯彩的起源、发展、形式和灯彩中蕴含的文化,以及制作技巧,制作灯彩的能工巧匠和南北各地灯彩的展示。 |
| ● |
| 相关链接 |
|
|
|
正题名:中华灯彩
索取号:J528.7/L138
 
预约/预借
| 序号 | 登录号 | 条形码 | 馆藏地/架位号 | 状态 | 备注 |
| 1 | 1103299 | 211032997 | 社科库309/309社科库 89排3列1层/ [索取号:J528.7/L138] | 在馆 | |
| 2 | 1103300 | 211033004 | 社科库309/309社科库 89排3列1层/ [索取号:J528.7/L138] | 在馆 | |
| 3 | 1103301 | 211033013 | 社科库309/309社科库 89排3列1层/ [索取号:J528.7/L138] | 在馆 |